000 00404nam a2200133Ia 4500
008 220217s9999||||xx |||||||||||||| ||und||
020 _a81-8404-036-9
082 _a005.13 STE
100 _aStephens, Ryan, D. Diggins, Christopher. Turkanis, Jonathan
_95582
245 0 _aC++ cookbook
260 _aShroff publishers and dist.Pvt.
_bMumbai
_c2008
300 _b400
650 _aPROGRAMMING LANGUAGE
999 _c176601
_d176601